| 000 | 00684nam a2200217Ii 4500 | ||
|---|---|---|---|
| 003 | JO-AjNU | ||
| 008 | 230605s9999||||xx |||||||||||||| ||und|| | ||
| 020 | _a9953-29-364-3 | ||
| 040 |
_aJO-AjNU _bara _erda _cJO-AjNU |
||
| 041 | _aara | ||
| 050 | 1 | 4 | _aRB188 2004 |
| 100 | 3 |
_aليبرمان ، ابراهام, _eauthor _916576 |
|
| 245 | 0 | 0 | _a100سؤال وجواب حول داء باركنسون |
| 250 | _aط1 | ||
| 264 | 3 | 1 | _aالقاهرة:الدار العربية للعلوم ، 2004 |
| 300 | _a214ص | ||
| 336 |
_atext _btxt _2rdacontent |
||
| 337 |
_aunmediated _bn _2rdamedia |
||
| 338 |
_avolume _bnc _2rdacarrier |
||
| 650 | 4 |
_aالعلاج-داء ياركسون _916577 |
|
| 999 |
_aA4945 _c8513 _d8513 |
||